Statistics for Football teams in the same city: England

Click here to take the quiz!

General Stats

  • This quiz has been taken 92 times
    (38 since last reset)
  • The average score is 21 of 28

Answer Stats

CityTeam% Correct
LondonArsenal
100%
LondonChelsea
97%
ManchesterManchester City
97%
ManchesterManchester United
97%
BristolBristol City
95%
LiverpoolEverton
95%
LiverpoolLiverpool
95%
NottinghamNottingham Forest
95%
SheffieldSheffield United
95%
BirminghamAston Villa
89%
BirminghamBirmingham City
89%
SheffieldSheffield Wednesday
89%
LondonTottenham Hotspur
89%
LondonWest Ham
89%
LondonCrystal Palace
84%
LondonFulham
81%
LondonBrentford
73%
BristolBristol Rovers
73%
NottinghamNotts County
70%
LondonMillwall
62%
LondonQPR
59%
LondonAFC Wimbledon
57%
LondonCharlton Athletic
57%
LondonLeyton Orient
51%
ManchesterSalford City
51%
BirminghamWest Brom
43%
LondonSutton United
35%
ManchesterStockport County
27%

Score Distribution

Percentile by Number Answered

Percent of People with Each Score

Your Score History

You have not taken this quiz since the last reset